00801cam a2200205 a 450000100100000000500170001000800410002704000350006805000190010308200140012210000280013624500790016426000760024330000210031950400340034060000550037491000340042995201170046399900150058000000956620200929161627.0750515s1964 pr b 000 0 spa  aDO-SdBNPcPPTdOCoLCdCNEdDLC00aPQ7439.L3bR38 annbL181M1 aMorfi, Angelina.92440310aEnrique A. Laguerre y su obra "La resaca" :bcumbre en su arte de novelar. aSan Juan, (Puerto Rico :bInstituto de Cultura Puertorriqueña,c1964. a194 p. ;c23 cm. aBibliografía: p. [177]-189.10aLaguerre, Enrique A.tLa resaca.d1906-2005924404 aCatalogación por copia / LC 001052708MOaGRbGRcCTd2009-09-30iLF1l0onn L181Mp9566-10r2020-06-25w2020-06-25y2ZPréstamo interno c9326d9326